000 00774nam a2200289 a 4500
001 vtls001438319
003 NLI
005 20210627122017.0
008 121130s1990 ii 000 0 eng
039 9 _y201211301641
_zVLOAD
040 _aNLI
_beng
_cDatasoft_GENG
_eAACR2
041 0 _aeng
044 _aii
082 0 4 _a523.4
100 1 _aLyndoe, Edward
_91003541
245 1 0 _aPlan your life with planets /
_cby Edward Lyndoe
260 _aBombay :
_bTaraporevala,
_cc1990
300 _a172 p. ;
_c17 cm.
650 0 _aPlanets
_9691520
650 0 _aPlanetology
_9697578
887 _a
901 _aDB58573
_b02.01.1991
902 _aE 523.4 L 992
904 _l4727
949 _AVIRTUAITEM
_D10000
_X100
_6DBA000058573ENG
942 _2ddc
_cBKS
999 _aVIRTUA40
_c891720
_d891720